ბათუმის შოთა რუსთაველის სახელმწიფო უნივერსიტეტის ბიბლიოთეკა

Линейные сооружения городских сетей. (ბიბ.ჩანაწერი № 47836)

000 -LEADER
fixed length control field 00725nam a2200229Ia 4500
001 - CONTROL NUMBER
control field 14710
003 - CONTROL NUMBER IDENTIFIER
control field GE_BSU
008 - FIXED-LENGTH DATA ELEMENTS--GENERAL INFORMATION
fixed length control field 181216s||||||||xx |||||||||||||| ||und||
040 ## - CATALOGING SOURCE
Transcribing agency GE_BSU
080 ## - UNIVERSAL DECIMAL CLASSIFICATION NUMBER
Universal Decimal Classification number 621.395.743
100 ## - MAIN ENTRY--PERSONAL NAME
Personal name Сериков,А.Г. Полонский,П.А.
245 ## - TITLE STATEMENT
Title Линейные сооружения городских сетей.
245 ## - TITLE STATEMENT
Remainder of title Учеб. для проф.
245 ## - TITLE STATEMENT
Statement of responsibility, etc. Ред. М.И.Сорокина.
250 ## - EDITION STATEMENT
Edition statement Изд. 2-е, перераб. и доп.
260 ## - PUBLICATION, DISTRIBUTION, ETC.
Place of publication, distribution, etc. М.
260 ## - PUBLICATION, DISTRIBUTION, ETC.
Name of publisher, distributor, etc. Высш. школа.
260 ## - PUBLICATION, DISTRIBUTION, ETC.
Date of publication, distribution, etc. 1971.
300 ## - PHYSICAL DESCRIPTION
Extent 296 стр. с илл. 20 см.
653 ## - INDEX TERM--UNCONTROLLED
Uncontrolled term Линейные сооружения городских сетей.
942 ## - ADDED ENTRY ELEMENTS (KOHA)
Koha item type წიგნი

არაა ხელმისაწვდომი ეგზემპლარები.